Le rap en 2022 - Statistiques

Statistiques générales
  • Ce quiz a été pris 884 fois
  • Le résultat moyen est 14 sur 29
Statistiques - réponses
Indice Réponse % Correct
Il est le rappeur le plus écouté en France en 2022 Jul
87%
Citez l'un des membres du jury de cette émission Shay | Niska | SCH
87%
Il est le rappeur le plus écouté dans le monde en 2022 Drake
75%
Rappeur français qui signe 3 des 5 singles les plus écoutés de 2022 sur Spotify en France Ninho
75%
Série Netflix qui met en scène une compétition entre rappeurs adapté de "Rhythm + Flow" Nouvelle école
74%
Ancien membre du groupe 4Keus qui sort son premier album en 2022 Tiakola
69%
Rappeur qui rempli le Stade de France le 3 septembre 2022 Booba
68%
Single du rappeur Gazo qui a monopolisé la première place du Top 50 durant un bonne partie de l'année DIE
67%
Complétez les paroles de ce titre de Central Cee : "How can I be ??? ? My b*tch is gay" homophobic
67%
Il sort l'album "Hiver à Paris" en novembre Dinos
60%
Rappeur français qui décède suite à une crise d'asthme Luv Resval
58%
Complétez les paroles de ce titre de Soolking :"Encaisser des kichtas, on est bon qu'à ça, Alger, Bériz, ???" Kinshasa
53%
Genre de rap popularisé en France par les rappeurs Gambi, Kerchak et Favé Jersey
47%
Groupe de rap parisien qui revient avec l'album "SZR 2001" S-Crew
46%
Rappeur du groupe Migos tué le soir d'Halloween à Houston Takeoff
46%
Rappeur californien qui sort l'album "Mr. Morale & The Big Steppers" Kendrick Lamar
43%
Rappeur américain décédé en 2022, auteur du morceau "Gangsta's Paradise" Coolio
41%
Rappeuses américaines dont la popularité à explosé en 2022 (citez-en une) Ice Spice | GloRilla
38%
Nom générique donné aux rappeurs émergents tels que Rounhaa, So La Lune ou thaHomey New Wave
38%
Complétez les paroles de ce titre de Josman : "Car trop peu me comprennent, ???Trop de peine, ???, mon cœur saigne, ???" maman
37%
Rappeurs américains emprisonné à cause de la loi R.I.C.O., ils signent le single "pushin P" en début d'année (citez-en 1) Young Thug | Gunna
32%
Rappeur avec qui Drake collabore sur l'album "Her Loss" 21 Savage
30%
Rappeur en featuring sur le single "Rotation" de Lesram Alpha Wann
26%
Il sort l'album "Couleur de ma peine" en février Zamdane
25%
Mixtape de 41 titres regroupant de nombreux rappeurs, beatmakers et vidéastes francophones ZZCCMXTP
20%
Il sort l'album "Moussa" en septembre Prince Waly
17%
Rappeur américain représentant de ce dernier, dont la popularité à explosé en 2022 grâce aux albums "2 Alivë" et "Lyfë" Yeat
14%
Rappeur américain assassiné dans un restaurant de gaufre à Los Angeles PnB Rock
8%
Rappeur américain qui a sorti une centaine de morceaux en 2022 faisant de lui l'un des plus gros vendeur aux États-Unis cette année YoungBoy NBA
3%
Aucun quiz correspondant
Distribution des résultats
% des personnes avec chaque résultat
Percentile par nombre de réponses
Votre historique - résultats
Vous n’avez pas pris ce quiz